=LDR 00000nam 2200000 4500 =001 INLIS000000000032331 =005 20130612134337 =008 ***********************************ind** =035 ##$$0010-061300000032331 =041 ##$$a ind =082 ##$$a 2x4.74 =090 ##$$a 2x4.74, Abd j =100 ##$$a Abdullah, Mudhofir =245 ##$$a Jihat Tanpa Kekerasan, Mudhofir Abdullah;Editor, M. Luqman A =260 ##$$a 2009 $b Jakarta =300 ##$$a xii,156 hlm, 21 cm =650 ##$$a Jihad-Islam =700 ##$$a M. Luqman A =850 ##$$a NBPNMAT